Advances in organic chemistry: Methods and results. V 4 (Record no. 20631)

MARC details
000 -LEADER
fixed length control field 00304nam a2200109Ia 4500
082 ## - DEWEY DECIMAL CLASSIFICATION NUMBER
Classification number 547
Item number RAP.4
245 #0 - TITLE STATEMENT
Title Advances in organic chemistry: Methods and results. V 4
260 ## - PUBLICATION, DISTRIBUTION, ETC. (IMPRINT)
Place of publication New York
Name of publisher Interscience
Year of publication 1963
700 ## - ADDED ENTRY--PERSONAL NAME
Personal name Raphael, Ralph A
942 ## - ADDED ENTRY ELEMENTS (KOHA)
Koha item type Books
Holdings
Withdrawn status Lost status Damaged status Not for loan Home library Current library Date acquired Cost, normal purchase price Full call number Accession Number Koha item type
        RRII Library RRII Library 16/12/2021 14.50 547 RAP.4 01352 Books